東京都の市区町村(1960年) - Statistics

General Stats
  • This quiz has been taken 98 times
  • The average score is 53 of 65
Answer Stats
No. 特別区/郡 市町村 備考 % Correct
1-3 特別区部 港区
97%
1-4 特別区部 新宿区
96%
2 八王子市
96%
3 立川市
96%
1-9 特別区部 品川区
95%
1-10 特別区部 目黒区
95%
1-13 特別区部 渋谷区
93%
9 調布市
93%
1-1 特別区部 千代田区
92%
1-2 特別区部 中央区
92%
1-8 特別区部 江東区
92%
1-23 特別区部 江戸川区
92%
4 武蔵野市
92%
5 三鷹市
92%
7 府中市
92%
1-5 特別区部 文京区
91%
1-12 特別区部 世田谷区
91%
1-18 特別区部 荒川区
91%
1-21 特別区部 足立区
91%
10 町田市
91%
1-16 特別区部 豊島区
89%
1-17 特別区部 北区
89%
1-22 特別区部 葛飾区
89%
1-6 特別区部 台東区
88%
1-7 特別区部 墨田区
88%
1-14 特別区部 中野区
88%
1-19 特別区部 板橋区
88%
1-20 特別区部 練馬区
88%
19 西多摩郡 奥多摩町
88%
1-11 特別区部 大田区
87%
1-15 特別区部 杉並区
87%
26 北多摩郡 国分寺町 1964年昇格
87%
11 小金井市
85%
6 青梅市
83%
13 西多摩郡 羽村町 1991年昇格
83%
34 北多摩郡 田無町 1967年昇格
83%
23 南多摩郡 稲城町 1971年昇格
81%
24 北多摩郡 国立町 1967年昇格
81%
25 北多摩郡 狛江町 1970年昇格
81%
33 北多摩郡 保谷町 1967年昇格
81%
43 青ヶ島村
81%
8 昭島市
80%
18 西多摩郡 檜原村
80%
28 北多摩郡 村山町 1970年昇格
80%
31 北多摩郡 清瀬町 1970年昇格
80%
35 北多摩郡 小平町 1962年昇格
80%
42 八丈町
80%
12 西多摩郡 福生町 1970年昇格
79%
14 西多摩郡 瑞穂町
79%
20 南多摩郡 日野町 1963年昇格
77%
36 大島町
77%
29 北多摩郡 大和町 1970年昇格
76%
32 北多摩郡 久留米町 1970年昇格
76%
40 三宅村
76%
41 御蔵島村
73%
39 神津島村
72%
17 西多摩郡 五日市町 1995年消滅
71%
30 北多摩郡 東村山町 1964年昇格
69%
37 利島村
69%
16 西多摩郡 日の出村 1974年昇格
63%
22 南多摩郡 多摩村 1964年昇格
63%
15 西多摩郡 秋多町 1972年昇格
59%
38 新島本村 1992年改称
45%
21 南多摩郡 由木村 1964年消滅
36%
27 北多摩郡 砂川町 1963年消滅
36%
No matching quizzes found
Score Distribution
Percent of People with Each Score
Percentile by Number Answered
Your Score History
You have not taken this quiz